<?xml version="1.0" encoding="UTF-8"?>
<record
    xmlns:xsi="http://www.w3.org/2001/XMLSchema-instance"
    xsi:schemaLocation="http://www.loc.gov/MARC21/slim http://www.loc.gov/standards/marcxml/schema/MARC21slim.xsd"
    xmlns="http://www.loc.gov/MARC21/slim">

  <leader>01406nam a22003377a 4500</leader>
  <controlfield tag="001">BRCA_9351</controlfield>
  <controlfield tag="003">FranzMayer</controlfield>
  <controlfield tag="005">20230913114825.0</controlfield>
  <controlfield tag="008">230908b        |||||||| |||| 00| 0 eng d</controlfield>
  <datafield tag="020" ind1=" " ind2=" ">
    <subfield code="a">9788412215526</subfield>
  </datafield>
  <datafield tag="040" ind1=" " ind2=" ">
    <subfield code="a">MFM</subfield>
    <subfield code="b">ESPA&#xD1;OL</subfield>
    <subfield code="c">MFM</subfield>
  </datafield>
  <datafield tag="050" ind1=" " ind2="0">
    <subfield code="a">NK2216</subfield>
    <subfield code="b">A87 2020</subfield>
  </datafield>
  <datafield tag="100" ind1="1" ind2=" ">
    <subfield code="4">Autor</subfield>
    <subfield code="a">Piera, M&#xF3;nica</subfield>
    <subfield code="9">29754</subfield>
  </datafield>
  <datafield tag="110" ind1="1" ind2=" ">
    <subfield code="4">Responsable</subfield>
    <subfield code="a">Associaci&#xF3; per a l'estudi del moble</subfield>
    <subfield code="9">29755</subfield>
  </datafield>
  <datafield tag="240" ind1=" " ind2=" ">
    <subfield code="a">Rooted in the Earth</subfield>
    <subfield code="h">30 Furniture Pieces Selected from a Private Collection</subfield>
    <subfield code="l">Ingl&#xE9;s</subfield>
  </datafield>
  <datafield tag="245" ind1="0" ind2=" ">
    <subfield code="a">Rooted in the Earth</subfield>
    <subfield code="b">30 Furniture Pieces Selected from a Private Collection</subfield>
  </datafield>
  <datafield tag="260" ind1=" " ind2=" ">
    <subfield code="a">Barcelona, Espa&#xF1;a</subfield>
    <subfield code="b">Associaci&#xF3; per a l'estudi del moble</subfield>
    <subfield code="c">2020</subfield>
  </datafield>
  <datafield tag="300" ind1=" " ind2=" ">
    <subfield code="a">141 p</subfield>
    <subfield code="b">Ilustraciones a color</subfield>
    <subfield code="c">26 cm</subfield>
  </datafield>
  <datafield tag="500" ind1=" " ind2=" ">
    <subfield code="a">Incluye una dedicatoria al inicio del libro, para el Museo Franz Mayer</subfield>
  </datafield>
  <datafield tag="500" ind1=" " ind2=" ">
    <subfield code="a">L60/N6</subfield>
  </datafield>
  <datafield tag="505" ind1=" " ind2=" ">
    <subfield code="a">Texto en: ingl&#xE9;sIncluye &#xED;ndice tem&#xE1;ticoIncluye bibliograf&#xED;aDirigido a: historiadores de arte, artistas </subfield>
  </datafield>
  <datafield tag="650" ind1="1" ind2=" ">
    <subfield code="2">Artes decorativas</subfield>
    <subfield code="a">Muebles</subfield>
    <subfield code="v">Ornamentaci&#xF3;n</subfield>
    <subfield code="9">29756</subfield>
  </datafield>
  <datafield tag="651" ind1="2" ind2=" ">
    <subfield code="2">Muebles</subfield>
    <subfield code="a">Colecci&#xF3;n y galer&#xED;as </subfield>
    <subfield code="v">Exposiciones de muebles</subfield>
    <subfield code="9">29757</subfield>
  </datafield>
  <datafield tag="700" ind1="1" ind2=" ">
    <subfield code="4">Foto</subfield>
    <subfield code="a">Casals, Llu&#xED;s</subfield>
    <subfield code="9">29758</subfield>
  </datafield>
  <datafield tag="700" ind1="1" ind2=" ">
    <subfield code="4">Textos</subfield>
    <subfield code="a">Ramon, Artur</subfield>
    <subfield code="9">29759</subfield>
  </datafield>
  <datafield tag="700" ind1="1" ind2=" ">
    <subfield code="4">Textos</subfield>
    <subfield code="a">Surroca, Angel</subfield>
    <subfield code="9">29760</subfield>
  </datafield>
  <datafield tag="700" ind1="1" ind2=" ">
    <subfield code="4">Trad</subfield>
    <subfield code="a">Fontanals, Marta</subfield>
    <subfield code="9">29761</subfield>
  </datafield>
  <datafield tag="700" ind1="1" ind2=" ">
    <subfield code="4">Trad</subfield>
    <subfield code="a">Mestres, Albert</subfield>
    <subfield code="9">29762</subfield>
  </datafield>
  <datafield tag="700" ind1="1" ind2=" ">
    <subfield code="4">Trad.</subfield>
    <subfield code="a">Smith, Christian</subfield>
    <subfield code="9">29763</subfield>
  </datafield>
  <datafield tag="942" ind1=" " ind2=" ">
    <subfield code="2">lcc</subfield>
    <subfield code="c">B</subfield>
  </datafield>
  <datafield tag="999" ind1=" " ind2=" ">
    <subfield code="c">11063</subfield>
    <subfield code="d">11063</subfield>
  </datafield>
  <datafield tag="952" ind1=" " ind2=" ">
    <subfield code="0">0</subfield>
    <subfield code="1">0</subfield>
    <subfield code="2">lcc</subfield>
    <subfield code="4">0</subfield>
    <subfield code="7">0</subfield>
    <subfield code="8">FCON</subfield>
    <subfield code="a">BRCA</subfield>
    <subfield code="b">BRCA</subfield>
    <subfield code="d">2023-09-08</subfield>
    <subfield code="l">0</subfield>
    <subfield code="o">NK2216 A87 2020</subfield>
    <subfield code="p">CONT10218</subfield>
    <subfield code="r">2023-09-08 00:00:00</subfield>
    <subfield code="w">2023-09-08</subfield>
    <subfield code="y">B</subfield>
  </datafield>
</record>
